000 00608nam a2200181Ia 4500
003 GCL
008 140319s9999 xx 000 0 ara d
040 _aGCL /
_cGCL
082 0 4 _a813.03
_bب ا
100 1 _aبدر الديب
245 1 0 _aاعادة حكاية حاسب كريم الدين وملكة الحيات /
_cبدر الديب
300 _a173 ص
490 _aوراء الكينونة - الكتاب الثانى
_v0
650 0 4 _aالقصص العربية
650 0 4 _aالادب العربى - العصر الحديث
650 0 4 _aالقصص العربية - مصر
942 _2ddc
_cBK
999 _c39931
_d39931